000 00334nam a2200145Ia 4500
100 _aWai- Kai Chen
650 _aFitter
942 _cBK
654 _aFitter
245 _aPassive & Active Filters : Theory & Implementation
260 _bJohn Wiley
_aNew York
_c1986
082 _a621.3815324
546 _aENGLISH
999 _c28117
_d28117